AN EVALUATION OF THE EXTENT OF DELEGATION OF DUTY AND ITS EFFECT ON EMPLOYEE SATISFACTION (Record no. 215913)
[ view plain ]
| 000 -LEADER | |
|---|---|
| fixed length control field | 00499nam a22001457a 4500 |
| 008 - FIXED-LENGTH DATA ELEMENTS--GENERAL INFORMATION | |
| fixed length control field | 250717b |||||||| |||| 00| 0 eng d |
| 050 ## - LIBRARY OF CONGRESS CALL NUMBER | |
| Classification number | THE HF 5549.5 .I 5M68 2012 |
| Item number | C.1 |
| 100 ## - MAIN ENTRY--PERSONAL NAME | |
| Personal name | MOTURI, VINPER NYANG'ATE |
| 245 ## - TITLE STATEMENT | |
| Title | AN EVALUATION OF THE EXTENT OF DELEGATION OF DUTY AND ITS EFFECT ON EMPLOYEE SATISFACTION |
| Remainder of title | CASE STUDY OF KISII UNIVERSITY COLLEGE |
| 260 ## - PUBLICATION, DISTRIBUTION, ETC. | |
| Place of publication, distribution, etc. | KISII |
| Name of publisher, distributor, etc. | KSU |
| Date of publication, distribution, etc. | 2012 |
| 300 ## - PHYSICAL DESCRIPTION | |
| Extent | XI, 25P., ILL: |
| 500 ## - GENERAL NOTE | |
| General note | INCLUDES REFERENCES |
| 942 ## - ADDED ENTRY ELEMENTS (KOHA) | |
| Source of classification or shelving scheme | Library of Congress Classification |
| Koha item type | Reference |
| Withdrawn status | Lost status | Source of classification or shelving scheme | Damaged status | Not for loan | Collection | Home library | Current library | Shelving location | Date acquired | Inventory number | Total checkouts | Full call number | Barcode | Date last seen | Copy number | Price effective from | Koha item type |
|---|---|---|---|---|---|---|---|---|---|---|---|---|---|---|---|---|---|
| Library of Congress Classification | Not for loan | Special Research | Kisii University Library | Kisii University Library | On Display | 07/17/2025 | 45994 | THE HF 5549/.5 .I5 M68 2012 | 000000019154 | 07/17/2025 | C. 1 | 07/17/2025 | Reference |